Методология естественных, математических и общественных наук. ... в 1989-1990 гг. (Запись № 6450223)

Подробности
000 -МАРКЕР
контрольное поле 01508nam2a22002531 4500
001 - ИДЕНТИФИКАТОР ЗАПИСИ
контрольное поле rc\158599
005 - ИДЕНТИФИКАТОР ВЕРСИИ
контрольное поле 20030307112824.0
021 ## - НОМЕР ГОСУДАРСТВЕННОЙ РЕГИСТРАЦИИ
Код страны Российская Федерация
Номер КН-П-19-094876
Номер Листа государственной регистраци КН-П-19-6953
035 ## - ДРУГИЕ СИСТЕМНЫЕ НОМЕРА
Идентификатор записи (NLR Aleph) 005615343
100 ## - ДАННЫЕ ОБЩЕЙ ОБРАБОТКИ
Данные общей обработки 20030307d1992 u y0rusy50 ca
101 0# - ЯЗЫК РЕСУРСА
Язык текста, звукозаписи и т.д. русский
102 ## - СТРАНА ПУБЛИКАЦИИ ИЛИ ПРОИЗВОДСТВА
Страна публикации Российская Федерация
105 ## - ПОЛЕ КОДИРОВАННЫХ ДАННЫХ: ТЕКСТОВЫЕ МАТЕРИАЛЫ, МОНОГРАФИЧЕСКИЕ
Кодированные данные о монографическом текстовом документе y |||||||||
200 0# - ЗАГЛАВИЕ И СВЕДЕНИЯ ОБ ОТВЕТСТВЕННОСТИ
Основное заглавие ... в 1989-1990 гг.
Первые сведения об ответственности [Сост. Е.И. Серебряная]
210 ## - ПУБЛИКАЦИЯ, РАСПРОСТРАНЕНИЕ И ДР.
Дата издания, распространения и т.д. 1992
215 ## - ФИЗИЧЕСКАЯ ХАРАКТЕРИСТИКА
Специфическое обозначение материала и объем 139, [1] с.
461 #0 - УРОВЕНЬ НАБОРА
Встроенное поле 001rc\158598
-- 2001#$aМетодология естественных, математических и общественных наук$eУказ. лит., изд. в СССР...$fРос. акад. наук. ИНИОН. [Отд. науч.-библиогр. обраб. лит. и формирования баз данных. Сектор НБИ по филос. наукам]$v... в 1989-1990 гг.
Системный номер (АБИС) связанной записи 6450219
Место публикации М.
Дата публикации 1992
Первые сведения об ответственности Рос. акад. наук. ИНИОН. [Отд. науч.-библиогр. обраб. лит. и формирования баз данных. Сектор НБИ по филос. наукам]
Имя издателя, распространителя и т.д. ИНИОН
Сведения, относящиеся к заглавию Указ. лит., изд. в СССР...
Заглавие Методология естественных, математических и общественных наук
Номер тома ... в 1989-1990 гг.
702 #1 - ИМЯ ЛИЦА - ВТОРИЧНАЯ ОТВЕТСТВЕННОСТЬ
Начальный элемент ввода Серебряная
Часть имени, кроме начального элемента ввода Е.И.
Расширение инициалов личного имени Елена Ильинична
Код отношения Составитель
801 #0 - ИСТОЧНИК ЗАПИСИ
Страна Российская Федерация
Организация NLR
Правила каталогизации psbo
801 #1 - ИСТОЧНИК ЗАПИСИ
Страна Российская Федерация
Организация ELAR
Источник данных rusmarc
852 ## - МЕСТОНАХОЖДЕНИЕ И ШИФР ХРАНЕНИЯ
Идентификатор организации NLR
Наименование фонда или коллекции (Sub-Location Identifier) С
Шифр хранения (Call Number) К-1/5805
942 ## - ДОПОЛНИТЕЛЬНЫЕ ЭЛЕМЕНТЫ ЗАПИСИ (АБИС)
Тип экземпляра АБИС Книга
980 ## - КОЛЛЕКЦИЯ
Название коллекции Национальная библиография
Экземпляры
Тип экземпляра Дата поступления Библиотека постоянного хранения Библиотека текущего хранения Место хранения Шифр хранения Штрих-код Статус экземпляра Источник поступления Стоимость
Книга 26.10.2013 РНБ (Московский) РНБ (Московский) Центральная справочная библиотека С К-1/5805 1-3573489      
Книга 16.10.2021 РНБ (Московский) РНБ (Московский) Центральная справочная библиотека С К-1/5805 1-3573490   Обязательный экземпляр 0.00